Estadísticas para F1 Quiz (Español)

Haz click aquí para intentar la prueba.

Estadísticas generales

  • Esta prueba ha sido intentada 551 veces
  • La puntuación promedio es 6 de 10

Estadísticas de respuestas

PreguntaRespuesta% Correcto
Quienes son los maximos ganadores de toda la Formula 1?Hamilton y Schumacher
93%
Que piloto corrio para Mclaren y para Renault?Fernando Alonso
92%
Quien gano el GP de Hungria en 2021?Esteban Ocon
78%
De que pais era Pastor Maldonado?Venezuela
67%
Cuantas carreras gano Lewis Hamilton en toda su carrera?103
62%
Quien gano el GP de Brasil en 2008?Felipe Massa
54%
Cuantos campeonatos del mundo tiene Niki Lauda?3
53%
Cuantas paradas en boxes hizo Hamilton en el GP de Abu Dhabi 2021?2
43%
Quien fue el campeon del mundo en 1976?James Hunt
32%
Quien es el piloto con mayor porcentaje de victorias en toda la historia?Fangio
21%

Distribución de puntuación

Porcentaje por número respondido

Porcentaje de gente con cada puntuación

Historial de tus puntuaciones

No has intentado esta prueba.